000 02767cam a2200265 4500500
005 20260111071022.0
041 _afre
042 _adc
100 1 0 _aFloccia, M.
_eauthor
245 0 0 _aLa médecine intégrative chez la personne âgée Focus sur douleur des soins
260 _c2026.
500 _a20
520 _aLes thérapies complémentaires, ou interventions non médicamenteuses, sont de plus en plus utilisées en médecine. Dans ce champ, elles doivent avoir été étudiées par des travaux de recherche (fondamentale et clinique) et se ­positionner en complément des soins médicamenteux ou techniques, afin d’être intégrées dans les parcours de soins.En raison des nombreuses problématiques iatrogéniques chez le sujet âgé, les thérapies complémentaires trouvent toute leur place auprès de cette population, et plus spécifiquement dans les douleurs des soins.Le présent article se focalise sur quatre méthodes : l’aromathérapie, les thérapies par le massage, la musicothérapie et l’hypnose clinique et thérapeutique. Ces méthodes ont été étudiées chez le sujet jeune ou âgé dans le cadre des douleurs induites, et également dans le grand âge sur d’autres indications. Elles ont un rationnel scientifique, un effet clinique, et une utilisation sûre.Ces méthodes s’intègrent dans l’approche globale et humaine chère à la gériatrie.
520 _aComplementary therapies or non-pharmacological interventions are increasingly used in medicine. In this field, they must have been studied through research (fundamental and clinical) and be positioned as a complement to pharmacological or technical care in order to be integrated into care pathways.Due to the many iatrogenic problems in older people, complementary ­therapies are particularly relevant for this population, and more specifically for pain management.This article focuses on four methods: aromatherapy, massage therapy, music therapy, and clinical hypnosis. These four methods have been studied in young and elderly subjects in the context of induced pain and also in the elderly for other indications. They are clinically effective, scientifically explained, and safe to use.These methods are part of the holistic and human approach that is so important in geriatrics.
690 _aGériatrie
690 _ahypnose
690 _aIntervention non médicamenteuse
690 _athérapies non médicamenteuses
690 _aGeriatrics
690 _ahypnosis
690 _anon-drug intervention
690 _anon-drug therapies
786 0 _nDouleur et analgésie | 38 | 4 | 2026-01-05 | p. 278-284 | 1011-288X
856 4 1 _uhttps://stm.cairn.info/revue-douleur-et-analgesie-2025-4-page-278?lang=fr&redirect-ssocas=7080
999 _c1614823
_d1614823